00539nam a2200193 a 4500001001300000003000900013005001700022008004100039020002300080082001600103100002300119245003200142260003300174300000900207500003500216505003100251650004000282700002300322nice12345678IN_TiNIC20260116015002.0070531s1993 onta grp 000 0 eng  a0836136470 c10000a303.66bLAN aLandis, Susan Mark aBut Why Don`t We Go to War? aOntariobHerald Press c1993 a236p aincludes index and biblioraphy2 aappendices, biblio, index, aPeace-Religious Aspect-Christianity1 aLandis, Susan Mark